000 00931nas a2200313 4500
001 BR0807707
003 BR-BrBNA
005 20231205112718.0
007 ta
008 230509b bl.|||p| |||| 00| 00por d
040 _aBR-BrBNA
_bpor
_cBiblioteca Nacional de Agricultura
041 _a(En)
072 _aF60
100 1 _aCosta, P.H.A da
100 1 _aAzevedo Neto, A.D. de
100 1 _aBezerra, M.A.
100 1 _aPrisco, J.T.
100 1 _aGomes Filho, E.
245 1 _aAntioxidant enzymatic system of two sorghum genotypes differing in salt totlerance
650 _aSORGO
650 _aGENÓTIPO
650 _aBIOLOGIA VEGETAL
650 _aENZIMA
650 _aSAL
773 0 _tBrazilian Journal of Plant Physiology (Brazil)
_xISSN 1677-0420
_g(Oct-Dec 2005), v. 17(4) p. 353-361
_wBR0807707
856 4 0 _dLink DSPACE/MAPA BR0807707
909 _a202311
_bLúcia
_c55
_dLúcia Elande
942 _2AGRIS
_n0
_cANA
999 _c199525
_d199525